Quick Pick: European Cities in German Quiz Stats

Quiz Updated Apr 14, 2018

Challenge
Share
Tweet
Embed
Score 0/15 Timer 01:30
29 Plays Today
% Correct
Neapel
96.8%
Moskau
96.7%
Lissabon
96.7%
Den Haag
96.6%
Dünkirchen
96.5%
Warschau
96.3%
Mailand
96.3%
Genf
95.3%
% Correct
Köln
93.8%
Saragossa
93.4%
Venedig
93.3%
Charkiw
93.1%
Saporischschja
92.8%
Wien
88.3%
Breslau
64%

Today's Daily Dose

Missing Word
'F' Science

Word Ladder
Guitar Heroes

Quick Pick
Zambian Borders

On This Day
April 22nd II

You're not logged in!

Compare scores with friends on all Sporcle quizzes.
Sign Up with Email
OR
Log In

You Might Also Like...

Show Comments

Extras

Top Quizzes Today


Score Distribution

Your Account Isn't Verified!

In order to create a playlist on Sporcle, you need to verify the email address you used during registration. Go to your Sporcle Settings to finish the process.

Report this User

Report this user for behavior that violates our Community Guidelines.

Details: